Kamsayana Urmila manthara: Muru natakagalu (Record no. 115910)

MARC details
000 -LEADER
fixed length control field 00833nam a2200265Ia 4500
003 - CONTROL NUMBER IDENTIFIER
control field OSt
005 - DATE AND TIME OF LATEST TRANSACTION
control field 20251105114622.0
008 - FIXED-LENGTH DATA ELEMENTS--GENERAL INFORMATION
fixed length control field 210210b2003 xxu||||| |||| 00| 0 eng d
020 ## - INTERNATIONAL STANDARD BOOK NUMBER
International Standard Book Number 8187321946
040 ## - CATALOGING SOURCE
Transcribing agency AL
041 ## - LANGUAGE CODE
Language code of text/sound track or separate title Kannada
082 ## - DEWEY DECIMAL CLASSIFICATION NUMBER
Classification number K894.2 VENK
100 ## - MAIN ENTRY--PERSONAL NAME
Personal name VENKATESHA MURTI (H S)
Dates associated with a name ಎಚ್.ಎಸ್. ವೆಂಕಟೇಶಮೂರ್ತಿ
9 (RLIN) 244054
245 ## - TITLE STATEMENT
Title Kamsayana Urmila manthara: Muru natakagalu
Remainder of title ಕಂಸಾಯನ ಊರ್ಮಿಳಾ ಮಂಥರಾ: ಮೂರು ನಾಟಕಗಳು
260 ## - PUBLICATION, DISTRIBUTION, ETC.
Place of publication, distribution, etc. Bengaluru
Name of publisher, distributor, etc. Ankita Pustaka
Date of publication, distribution, etc. 2003
300 ## - PHYSICAL DESCRIPTION
Extent 166
650 ## - SUBJECT ADDED ENTRY--TOPICAL TERM
Topical term or geographic name entry element Urmila
9 (RLIN) 244055
650 ## - SUBJECT ADDED ENTRY--TOPICAL TERM
Topical term or geographic name entry element natakagalu
9 (RLIN) 244056
650 ## - SUBJECT ADDED ENTRY--TOPICAL TERM
Topical term or geographic name entry element Muru
9 (RLIN) 244057
650 ## - SUBJECT ADDED ENTRY--TOPICAL TERM
Topical term or geographic name entry element manthara
9 (RLIN) 244058
650 ## - SUBJECT ADDED ENTRY--TOPICAL TERM
Topical term or geographic name entry element Kamsayana
9 (RLIN) 244059
690 ## - LOCAL SUBJECT ADDED ENTRY--TOPICAL TERM (OCLC, RLIN)
Topical term or geographic name as entry element Kannada Drama
9 (RLIN) 244060
906 ## - LOCAL DATA ELEMENT F, LDF (RLIN)
a 061819
942 ## - ADDED ENTRY ELEMENTS (KOHA)
Source of classification or shelving scheme Dewey Decimal Classification
Koha item type Book
Holdings
Withdrawn status Lost status Source of classification or shelving scheme Damaged status Not for loan Collection code Home library Current library Shelving location Date acquired Source of acquisition Cost, normal purchase price Total Checkouts Full call number Barcode Date last seen Price effective from Koha item type
    Dewey Decimal Classification     Kannada St Aloysius Library St Aloysius Library   02/17/2021 Navakarnataka Publication Pvt Ltd., Mangalore. 90.00   K894.2 VENK 061819 02/17/2021 02/17/2021 Book